000 00848nam a22001817a 4500
999 _c16637
_d16637
003 AR-CdUCM
008 190504b ||||| |||| 00| 0 spa d
040 _aMUNICIPALIDAD PROVINCIAL DEL CUSCO
_cBIBLIOTECA MUNICIPAL DEL CUSCO
082 _a621.4 /
_bB81
_22 ed.
100 _aBraymer, Daniel H.
_936200
245 _aRebobinado de motores pequeños :
_bPracticas de taller para todos los tipos de motores fraccionarios, de corriente continua y alterna.
260 _aBarcelona :
_bGustavo Gill, S.A.,
_c1959.
300 _a494 páginas ;
_c22 cm.
505 _aContenido :Rebobinado de inducidos de corriente continua -- Rebobinajes de pequeños motores monofásicos de corriente alterna -- Rebobinajes de pequeños motores trifásicos de corriente alterna ...
650 _aRebobinados.
_936201
942 _2ddc
_cLIBROS
945 _arum
_d2019-05-04